| 000 | 00000nam##2200000za#4500 |
| 001 | 9.698841 |
| 003 | CaOODSP |
| 005 | 20241203113638 |
| 007 | cr ||||||||||| |
| 008 | 150407|2014||||xxc|||||o f|0| 0 eng|d |
| 020 | |a978-1-100-23202-7 |
| 040 | |aCaOODSP|beng |
| 043 | |an-cn--- |
| 086 | 1 |aEn154-69/2014E-PDF |
| 110 | 1 |aCanada. |bEnvironment Canada. |
| 245 | 10|aWorkbook - Forum Saint-Laurent / |h[electronic resource]|cwritten by: Marie-Claude Ouellet, Andrée-Anne Labrecque, and Evelyne Dufault. Published by authority of the Minister of Environment and authority of Quebec's Minister of Sustainable Development, Environment, Wildlife and Parks. |
| 260 | |aGatineau - Quebec : |bEnvironment Canada |cc2014. |
| 300 | |a24p.|breferences, tables, photographs |
| 500 | |aCatalogue number (En154-69/2014F-PDF) and ISBN (978-0-660-21752-9) are printed in this publication. |
| 590 | |a15-12|b2015-03-20 |
| 690 | 07|aRivers|2gcpds |
| 690 | 07|aWater management|2gcpds |
| 775 | 08|tCahier du participant - Forum Saint-Laurent / |w(CaOODSP)9.642840 |
| 856 | 40|ahttp://publications.gc.ca|qPDF|s3280 KB|uhttps://publications.gc.ca/collections/collection_2015/ec/En154-69-2014-eng.pdf |